Paints, varnishes, paint ingredients and colours for paints, etc. /
Guardado en:
| Autor Corporativo: | |
|---|---|
| Formato: | Libro |
| Idioma: | English |
| Publicado: |
London :
British standards institution,
1978.
|
| Series: | Sectional list of British standards. SL 9. February 1978
|
| Etiquetas: |
Agregar Etiqueta
Sin Etiquetas, Sea el primero en etiquetar este registro!
|
| LEADER | 00590nam a22001575a 4500 | ||
|---|---|---|---|
| 001 | EUN.um031067 | ||
| 003 | AR-BaUNS | ||
| 005 | 20050623122906.0 | ||
| 008 | 041125s1978####xxk###########000#0#eng#d | ||
| 245 | 1 | 0 | |a Paints, varnishes, paint ingredients and colours for paints, etc. / |c British standards institution. |
| 260 | |a London : |b British standards institution, |c 1978. | ||
| 300 | |a 9 p. | ||
| 490 | 0 | |a Sectional list of British standards. SL 9. February 1978 | |
| 082 | 0 | 4 | |a 608.3 |
| 110 | 2 | |a British standards institution |c London. | |
| 859 | |a Ar-BaUNS |b BIB. CENTRAL - Sector C |h 608.3 |i B777 |p 88905/982 |v SL9 1978 | ||
